[Event "DEM U16w 2022"]
[Site "Willingen GER"]
[Date "2022.06.05"]
[Round "2"]
[White "Pikki, Daria"]
[Black "Prinzen, Siri Marleen"]
[Result "0-1"]
[Termination "normal"]
[Board "5"]
[WhiteElo "1638"]
[BlackElo "1744"]
[WhiteClock "00:44:12"]
[BlackClock "00:44:02"]
[PlyCount "68"]
[WhiteFideId "16281306"]
[BlackFideId "16265912"]
[EventCountry "GER"]
[EventRounds "9"]
[EventType "swiss"]
[EventDate "2022.06.04"]

1. d4 {[%clk 1:30:57]} d5 {[%clk 1:30:55]} 2. c4 {[%clk 1:31:23]} e6 {[%clk
1:31:20]} 3. Nc3 {[%clk 1:31:49]} Nf6 {[%clk 1:31:45]} 4. cxd5 {[%clk 1:32:15]}
exd5 {[%clk 1:32:05]} 5. Bg5 {[%clk 1:32:40]} Be7 {[%clk 1:32:08]} 6. e3 {[%clk
1:32:59]} c6 {[%clk 1:32:24]} 7. Bd3 {[%clk 1:33:18]} h6 {[%clk 1:32:23]} 8.
Bh4 {[%clk 1:33:36]} O-O {[%clk 1:32:24]} 9. Qc2 {[%clk 1:33:45]} Re8 {[%clk
1:32:40]} 10. Nge2 {[%clk 1:33:40]} Ne4 {[%clk 1:31:25]} 11. Bxe7 {[%clk
1:33:21]} Qxe7 {[%clk 1:31:48]} 12. O-O {[%clk 1:33:39]} Nd7 {[%clk 1:30:04]}
13. Rae1 {[%clk 1:33:19]} Ndf6 {[%clk 1:29:24]} 14. f3 {[%clk 1:32:04]} Ng5
{[%clk 1:24:05]} 15. Ng3 {[%clk 1:29:52]} h5 {[%clk 1:21:52]} 16. Nf5 {[%clk
1:24:28]} Bxf5 {[%clk 1:20:06]} 17. Bxf5 {[%clk 1:24:43]} g6 {[%clk 1:17:57]}
18. Bd3 {[%clk 1:24:57]} h4 {[%clk 1:16:25]} 19. h3 {[%clk 1:23:46]} Nh5 {[%clk
1:14:27]} 20. e4 {[%clk 1:17:58]} Qb4 {[%clk 1:07:53]} 21. Ne2 {[%clk 1:14:17]}
Ng3 {[%clk 1:03:04]} 22. Nxg3 {[%clk 1:10:22]} Qxd4+ {[%clk 1:01:49]} 23. Kh2
{[%clk 1:08:42]} hxg3+ {[%clk 1:01:20]} 24. Kh1 {[%clk 1:04:52]} Kg7 {[%clk
0:59:26]} 25. Qc3 {[%clk 0:59:18]} Qxc3 {[%clk 0:59:43]} 26. bxc3 {[%clk
0:59:45]} Rad8 {[%clk 0:57:28]} 27. e5 {[%clk 0:58:50]} Re7 {[%clk 0:48:00]}
28. f4 {[%clk 0:57:38]} Ne4 {[%clk 0:47:51]} 29. Bxe4 {[%clk 0:51:09]} dxe4
{[%clk 0:48:14]} 30. Rxe4 {[%clk 0:50:35]} Rd3 {[%clk 0:48:11]} 31. Rc1 {[%clk
0:49:54]} Red7 {[%clk 0:47:57]} 32. Kg1 {[%clk 0:48:31]} Rxc3 {[%clk 0:44:16]}
33. Ree1 {[%clk 0:43:47]} Rxc1 {[%clk 0:43:38]} 34. Rxc1 {[%clk 0:44:12]} Rd2
{[%clk 0:44:02]} 0-1

[Event "DEM U16w 2022"]
[Site "Willingen GER"]
[Date "2022.06.05"]
[Round "2"]
[White "Cordes, Jule"]
[Black "Glowiak, Alexandra"]
[Result "1-0"]
[Termination "normal"]
[Board "6"]
[WhiteElo "1841"]
[BlackElo "1503"]
[WhiteClock "00:05:27"]
[BlackClock "00:16:35"]
[PlyCount "109"]
[WhiteFideId "1060708"]
[BlackFideId "16259530"]
[EventCountry "GER"]
[EventRounds "9"]
[EventType "swiss"]
[EventDate "2022.06.04"]

1. d4 {[%clk 1:30:58]} d5 {[%clk 1:30:55]} 2. c4 {[%clk 1:31:21]} e6 {[%clk
1:31:16]} 3. Nc3 {[%clk 1:31:33]} Nf6 {[%clk 1:31:30]} 4. cxd5 {[%clk 1:31:47]}
exd5 {[%clk 1:31:49]} 5. Bg5 {[%clk 1:31:51]} Be7 {[%clk 1:30:03]} 6. e3 {[%clk
1:32:02]} c6 {[%clk 1:29:31]} 7. Bd3 {[%clk 1:32:07]} Nbd7 {[%clk 1:26:11]} 8.
Qc2 {[%clk 1:32:00]} O-O {[%clk 1:26:14]} 9. h3 {[%clk 1:30:48]} Re8 {[%clk
1:25:48]} 10. Nf3 {[%clk 1:30:25]} Nf8 {[%clk 1:23:01]} 11. O-O {[%clk
1:29:18]} Ne4 {[%clk 1:21:38]} 12. Bf4 {[%clk 1:28:40]} f5 {[%clk 1:18:11]} 13.
Rfb1 {[%clk 1:14:16]} Ng6 {[%clk 1:05:01]} 14. Bh2 {[%clk 1:11:57]} Bd6 {[%clk
0:52:43]} 15. b4 {[%clk 1:09:20]} Re6 {[%clk 0:45:02]} 16. b5 {[%clk 0:53:46]}
Bd7 {[%clk 0:38:20]} 17. a4 {[%clk 0:49:58]} Nh4 {[%clk 0:36:21]} 18. Nxh4
{[%clk 0:40:24]} Qxh4 {[%clk 0:33:10]} 19. bxc6 {[%clk 0:33:32]} Bxc6 {[%clk
0:21:50]} 20. Bxd6 {[%clk 0:29:17]} Rxd6 {[%clk 0:21:55]} 21. f3 {[%clk
0:20:59]} Nxc3 {[%clk 0:19:07]} 22. Qxc3 {[%clk 0:21:21]} Qg5 {[%clk 0:17:55]}
23. Qd2 {[%clk 0:18:24]} Re8 {[%clk 0:16:31]} 24. Re1 {[%clk 0:10:35]} h5
{[%clk 0:13:23]} 25. Ra3 {[%clk 0:04:36]} Rde6 {[%clk 0:12:28]} 26. f4 {[%clk
0:04:34]} Qe7 {[%clk 0:11:25]} 27. Raa1 {[%clk 0:01:18]} g6 {[%clk 0:06:59]}
28. Kf2 {[%clk 0:01:25]} Kf7 {[%clk 0:04:51]} 29. Bc2 {[%clk 0:00:56]} Qf6
{[%clk 0:03:09]} 30. Bd3 {[%clk 0:00:37]} Rg8 {[%clk 0:02:55]} 31. Qe2 {[%clk
0:00:37]} Qh4+ {[%clk 0:02:12]} 32. Kg1 {[%clk 0:00:47]} Rf6 {[%clk 0:01:47]}
33. Bb5 {[%clk 0:00:56]} g5 {[%clk 0:01:42]} 34. Bxc6 {[%clk 0:00:53]} bxc6
{[%clk 0:01:03]} 35. Rab1 {[%clk 0:00:56]} g4 {[%clk 0:00:51]} 36. Rb7+ {[%clk
0:01:10]} Kg6 {[%clk 0:01:04]} 37. Qf2 {[%clk 0:00:41]} Qxf2+ {[%clk 0:00:57]}
38. Kxf2 {[%clk 0:01:10]} Ra8 {[%clk 0:01:05]} 39. Rc1 {[%clk 0:00:51]} a5
{[%clk 0:01:03]} 40. Rc7 {[%clk 0:00:40]} Ra6 {[%clk 0:01:24]} 41. Rc2 {[%clk
0:25:42]} Re6 {[%clk 0:29:11]} 42. Rb2 {[%clk 0:25:35]} g3+ {[%clk 0:23:26]}
43. Kf3 {[%clk 0:25:06]} h4 {[%clk 0:22:18]} 44. Rbb7 {[%clk 0:25:06]} Ra8
{[%clk 0:18:53]} 45. Rg7+ {[%clk 0:07:13]} Kh6 {[%clk 0:15:31]} 46. Rh7+ {[%clk
0:06:32]} Kg6 {[%clk 0:15:55]} 47. Rxh4 {[%clk 0:06:39]} Rae8 {[%clk 0:16:20]}
48. Rb3 {[%clk 0:07:01]} Kg7 {[%clk 0:16:02]} 49. Rh5 {[%clk 0:07:16]} Kf6
{[%clk 0:15:49]} 50. Rh6+ {[%clk 0:04:45]} Kf7 {[%clk 0:16:00]} 51. Rxe6 {[%clk
0:05:09]} Kxe6 {[%clk 0:16:11]} 52. Kxg3 {[%clk 0:05:35]} Kd6 {[%clk 0:16:25]}
53. Kf3 {[%clk 0:05:48]} Rc8 {[%clk 0:16:11]} 54. Rb6 {[%clk 0:05:31]} Kc7
{[%clk 0:16:35]} 55. Ra6 {[%clk 0:05:27]} 1-0

[Event "DEM U16w 2022"]
[Site "Willingen GER"]
[Date "2022.06.05"]
[Round "2"]
[White "Buchholz, Maja"]
[Black "Duchstein, Anna"]
[Result "1-0"]
[Termination "normal"]
[Board "7"]
[WhiteElo "1939"]
[BlackElo "1661"]
[WhiteClock "00:12:49"]
[BlackClock "00:02:36"]
[PlyCount "139"]
[WhiteFideId "16200500"]
[BlackFideId "16261372"]
[EventCountry "GER"]
[EventRounds "9"]
[EventType "swiss"]
[EventDate "2022.06.04"]

1. d4 {[%clk 1:30:57]} d5 {[%clk 1:30:52]} 2. Bf4 {[%clk 1:31:21]} Nf6 {[%clk
1:30:47]} 3. Nf3 {[%clk 1:31:35]} c5 {[%clk 1:30:46]} 4. e3 {[%clk 1:31:46]}
Nc6 {[%clk 1:30:49]} 5. c3 {[%clk 1:31:13]} e6 {[%clk 1:30:36]} 6. Nbd2 {[%clk
1:30:49]} Nh5 {[%clk 1:30:00]} 7. Be5 {[%clk 1:29:32]} f6 {[%clk 1:28:26]} 8.
Bg3 {[%clk 1:29:34]} cxd4 {[%clk 1:25:55]} 9. exd4 {[%clk 1:28:59]} Nxg3 {[%clk
1:25:32]} 10. hxg3 {[%clk 1:28:32]} g6 {[%clk 1:24:08]} 11. Bd3 {[%clk
1:27:39]} Ne7 {[%clk 1:19:43]} 12. Qe2 {[%clk 1:26:34]} Bg7 {[%clk 1:17:42]}
13. Nb3 {[%clk 1:25:26]} b6 {[%clk 1:15:39]} 14. Qc2 {[%clk 1:22:40]} O-O
{[%clk 1:12:22]} 15. O-O-O {[%clk 1:22:42]} Bd7 {[%clk 1:09:02]} 16. Nh4 {[%clk
1:21:10]} Be8 {[%clk 1:06:48]} 17. f4 {[%clk 1:20:45]} Qd6 {[%clk 1:00:30]} 18.
Nf3 {[%clk 1:18:12]} a5 {[%clk 0:55:52]} 19. Qe2 {[%clk 1:17:18]} a4 {[%clk
0:51:33]} 20. Nbd2 {[%clk 1:16:56]} Qc6 {[%clk 0:49:47]} 21. Rde1 {[%clk
1:16:28]} Bd7 {[%clk 0:48:12]} 22. g4 {[%clk 1:15:19]} a3 {[%clk 0:46:31]} 23.
Nb1 {[%clk 1:11:11]} axb2+ {[%clk 0:44:07]} 24. Qxb2 {[%clk 1:11:16]} Qd6
{[%clk 0:39:52]} 25. g3 {[%clk 1:10:42]} b5 {[%clk 0:37:25]} 26. a3 {[%clk
1:09:52]} Rfc8 {[%clk 0:34:44]} 27. Re2 {[%clk 1:06:12]} Rab8 {[%clk 0:32:30]}
28. Kd1 {[%clk 1:04:04]} Be8 {[%clk 0:27:07]} 29. g5 {[%clk 1:01:13]} Nf5
{[%clk 0:23:19]} 30. Bxf5 {[%clk 0:59:18]} exf5 {[%clk 0:22:58]} 31. Reh2
{[%clk 0:55:10]} fxg5 {[%clk 0:20:50]} 32. Nxg5 {[%clk 0:52:54]} h5 {[%clk
0:19:04]} 33. Re1 {[%clk 0:48:01]} Bd7 {[%clk 0:17:18]} 34. Nf3 {[%clk
0:45:54]} Re8 {[%clk 0:15:59]} 35. Ne5 {[%clk 0:45:15]} Bxe5 {[%clk 0:15:16]}
36. dxe5 {[%clk 0:43:25]} Qc5 {[%clk 0:13:20]} 37. Rd2 {[%clk 0:42:58]} Be6
{[%clk 0:12:43]} 38. Rd4 {[%clk 0:42:25]} Rb6 {[%clk 0:10:11]} 39. Re2 {[%clk
0:40:00]} Reb8 {[%clk 0:08:15]} 40. Qb3 {[%clk 0:38:51]} Qe7 {[%clk 0:06:57]}
41. Rh2 {[%clk 0:36:01]} Bf7 {[%clk 0:04:19]} 42. Qb4 {[%clk 0:34:26]} Qd8
{[%clk 0:02:42]} 43. Nd2 {[%clk 0:34:02]} g5 {[%clk 0:28:51]} 44. Nf3 {[%clk
1:03:13]} gxf4 {[%clk 0:25:58]} 45. gxf4 {[%clk 1:01:09]} Rg6 {[%clk 0:23:59]}
46. Ng5 {[%clk 0:51:54]} Rxg5 {[%clk 0:23:10]} 47. fxg5 {[%clk 0:52:18]} Qxg5
{[%clk 0:23:29]} 48. Rdd2 {[%clk 0:52:19]} Qg4+ {[%clk 0:19:51]} 49. Kc1 {[%clk
0:47:15]} Qxb4 {[%clk 0:18:58]} 50. axb4 {[%clk 0:47:05]} Rc8 {[%clk 0:17:45]}
51. Kc2 {[%clk 0:47:02]} Rc4 {[%clk 0:17:31]} 52. Rhg2+ {[%clk 0:44:30]} Kf8
{[%clk 0:17:08]} 53. Kd3 {[%clk 0:43:11]} Ke7 {[%clk 0:16:27]} 54. Rdf2 {[%clk
0:41:37]} Ke6 {[%clk 0:15:56]} 55. Re2 {[%clk 0:38:57]} f4 {[%clk 0:15:10]} 56.
Rg1 {[%clk 0:37:24]} Kf5 {[%clk 0:13:50]} 57. Rge1 {[%clk 0:35:00]} Be6 {[%clk
0:12:18]} 58. Rh2 {[%clk 0:33:20]} Bf7 {[%clk 0:11:40]} 59. Rg2 {[%clk
0:24:05]} f3 {[%clk 0:08:23]} 60. Rf1 {[%clk 0:22:45]} Kxe5 {[%clk 0:07:30]}
61. Rxf3 {[%clk 0:22:56]} Be6 {[%clk 0:05:55]} 62. Rg5+ {[%clk 0:22:57]} Kd6
{[%clk 0:06:09]} 63. Rxh5 {[%clk 0:22:56]} d4 {[%clk 0:04:26]} 64. Rxb5 {[%clk
0:14:08]} dxc3 {[%clk 0:04:25]} 65. Kc2 {[%clk 0:13:18]} Kc6 {[%clk 0:03:14]}
66. Re5 {[%clk 0:13:11]} Kd6 {[%clk 0:02:29]} 67. Re1 {[%clk 0:11:45]} Rxb4
{[%clk 0:02:05]} 68. Rf6 {[%clk 0:12:07]} Rb2+ {[%clk 0:02:12]} 69. Kxc3 {[%clk
0:12:30]} Rb3+ {[%clk 0:02:36]} 70. Kc2 {[%clk 0:12:49]} 1-0

[Event "DEM U16w 2022"]
[Site "Willingen GER"]
[Date "2022.06.05"]
[Round "2"]
[White "Miriieva, Amina"]
[Black "Hubert, Charlotte"]
[Result "0-1"]
[Termination "normal"]
[Board "8"]
[WhiteElo "1155"]
[BlackElo "1651"]
[WhiteClock "00:51:15"]
[BlackClock "00:47:42"]
[PlyCount "60"]
[WhiteFideId "34154957"]
[BlackFideId "16265920"]
[EventCountry "GER"]
[EventRounds "9"]
[EventType "swiss"]
[EventDate "2022.06.04"]

1. e4 {[%clk 1:30:30]} c5 {[%clk 1:30:30]} 2. c3 {[%clk 1:30:30]} Nf6 {[%clk
1:31:12]} 3. e5 {[%clk 1:31:20]} Nd5 {[%clk 1:31:35]} 4. d4 {[%clk 1:31:28]}
cxd4 {[%clk 1:31:55]} 5. cxd4 {[%clk 1:31:47]} d6 {[%clk 1:32:14]} 6. f4 {[%clk
1:29:40]} Nc6 {[%clk 1:17:07]} 7. Bc4 {[%clk 1:29:00]} Nb6 {[%clk 1:15:33]} 8.
Bb5 {[%clk 1:27:14]} dxe5 {[%clk 1:13:31]} 9. fxe5 {[%clk 1:26:21]} Bf5 {[%clk
1:11:31]} 10. Nc3 {[%clk 1:24:02]} e6 {[%clk 1:08:35]} 11. Qf3 {[%clk 1:21:31]}
Rc8 {[%clk 1:02:52]} 12. Nge2 {[%clk 1:19:37]} Be7 {[%clk 1:00:37]} 13. Qg3
{[%clk 1:18:34]} Bh4 {[%clk 0:59:53]} 14. Qxh4 {[%clk 1:12:43]} Qxh4+ {[%clk
1:00:11]} 15. g3 {[%clk 1:13:02]} Qe7 {[%clk 0:58:53]} 16. O-O {[%clk 1:10:20]}
O-O {[%clk 0:56:26]} 17. Be3 {[%clk 1:09:32]} Rfd8 {[%clk 0:55:22]} 18. Rad1
{[%clk 1:09:20]} a6 {[%clk 0:52:35]} 19. Bxc6 {[%clk 1:09:16]} bxc6 {[%clk
0:51:43]} 20. b3 {[%clk 1:08:43]} Nd5 {[%clk 0:51:04]} 21. Nxd5 {[%clk
1:08:29]} cxd5 {[%clk 0:51:24]} 22. Rd2 {[%clk 1:04:30]} Rc7 {[%clk 0:50:42]}
23. Nf4 {[%clk 1:00:21]} Rc3 {[%clk 0:48:29]} 24. Ng2 {[%clk 1:00:16]} Bh3
{[%clk 0:47:30]} 25. Bf4 {[%clk 1:00:08]} Rdc8 {[%clk 0:47:35]} 26. Rdd1 {[%clk
0:56:46]} Rc2 {[%clk 0:46:52]} 27. Rd2 {[%clk 0:56:49]} Rxd2 {[%clk 0:47:15]}
28. Bxd2 {[%clk 0:56:42]} Rc2 {[%clk 0:47:38]} 29. Rd1 {[%clk 0:50:53]} Bxg2
{[%clk 0:47:15]} 30. Kxg2 {[%clk 0:51:15]} Qb4 {[%clk 0:47:42]} 0-1

[Event "DEM U16w 2022"]
[Site "Willingen GER"]
[Date "2022.06.05"]
[Round "2"]
[White "Dohon, Maria-Johanna"]
[Black "Sarian, Gaya"]
[Result "0-1"]
[Termination "normal"]
[Board "9"]
[WhiteElo "1578"]
[BlackElo "1181"]
[WhiteClock "00:04:13"]
[BlackClock "00:01:01"]
[PlyCount "52"]
[WhiteFideId "34600957"]
[BlackFideId "16266161"]
[EventCountry "GER"]
[EventRounds "9"]
[EventType "swiss"]
[EventDate "2022.06.04"]

1. d4 {[%clk 1:30:59]} Nf6 {[%clk 1:30:40]} 2. c4 {[%clk 1:31:24]} e6 {[%clk
1:30:50]} 3. Nf3 {[%clk 1:31:49]} d5 {[%clk 1:31:03]} 4. Nc3 {[%clk 1:32:00]}
Be7 {[%clk 1:30:50]} 5. Bf4 {[%clk 1:31:46]} O-O {[%clk 1:30:07]} 6. e3 {[%clk
1:31:20]} c5 {[%clk 1:29:33]} 7. cxd5 {[%clk 1:31:11]} cxd4 {[%clk 1:27:12]} 8.
Nxd4 {[%clk 1:24:59]} Nxd5 {[%clk 1:24:35]} 9. Nxd5 {[%clk 1:10:22]} Qxd5
{[%clk 1:21:48]} 10. Nc2 {[%clk 1:06:03]} Qa5+ {[%clk 1:09:25]} 11. Qd2 {[%clk
1:05:30]} Qxd2+ {[%clk 1:09:05]} 12. Kxd2 {[%clk 1:05:54]} Rd8+ {[%clk
0:57:56]} 13. Bd3 {[%clk 1:02:14]} Bf6 {[%clk 0:52:44]} 14. Bxb8 {[%clk
0:57:39]} Rxb8 {[%clk 0:52:11]} 15. Rab1 {[%clk 0:56:26]} b6 {[%clk 0:37:20]}
16. Ke2 {[%clk 0:49:40]} Bb7 {[%clk 0:36:17]} 17. f3 {[%clk 0:49:05]} Rd6
{[%clk 0:32:54]} 18. Rhd1 {[%clk 0:41:32]} Rbd8 {[%clk 0:30:02]} 19. b3 {[%clk
0:37:14]} Bc3 {[%clk 0:18:28]} 20. Na3 {[%clk 0:30:08]} Rd5 {[%clk 0:09:42]}
21. Nc4 {[%clk 0:11:53]} b5 {[%clk 0:04:28]} 22. Na3 {[%clk 0:09:26]} b4 {[%clk
0:02:53]} 23. Nc4 {[%clk 0:09:03]} Kf8 {[%clk 0:01:58]} 24. Bc2 {[%clk
0:06:42]} Ba6 {[%clk 0:01:08]} 25. Rxd5 {[%clk 0:04:15]} exd5 {[%clk 0:00:50]}
26. Rd1 {[%clk 0:04:13]} Ke7 {[%clk 0:01:01]} 0-1

[Event "DEM U16w 2022"]
[Site "Willingen GER"]
[Date "2022.06.05"]
[Round "2"]
[White "Alhassan, Jodi"]
[Black "Alferova, Emily"]
[Result "0-1"]
[Termination "normal"]
[Board "10"]
[WhiteElo "1225"]
[BlackElo "1523"]
[WhiteClock "00:00:46"]
[BlackClock "00:46:21"]
[PlyCount "71"]
[WhiteFideId "16250460"]
[BlackFideId "16265904"]
[EventCountry "GER"]
[EventRounds "9"]
[EventType "swiss"]
[EventDate "2022.06.04"]

1. e4 {[%clk 1:30:54]} e5 {[%clk 1:30:57]} 2. Nf3 {[%clk 1:31:17]} Nc6 {[%clk
1:31:24]} 3. Bc4 {[%clk 1:31:36]} Bc5 {[%clk 1:31:49]} 4. c3 {[%clk 1:31:54]}
Nf6 {[%clk 1:32:14]} 5. d3 {[%clk 1:32:07]} d6 {[%clk 1:32:35]} 6. b4 {[%clk
1:31:43]} Bb6 {[%clk 1:32:56]} 7. a4 {[%clk 1:31:22]} a5 {[%clk 1:24:18]} 8. b5
{[%clk 1:31:04]} Ne7 {[%clk 1:24:32]} 9. Nbd2 {[%clk 1:24:47]} O-O {[%clk
1:23:05]} 10. O-O {[%clk 1:18:18]} Ng6 {[%clk 1:20:39]} 11. Bb3 {[%clk
1:04:06]} c6 {[%clk 1:17:19]} 12. bxc6 {[%clk 0:57:44]} bxc6 {[%clk 1:17:43]}
13. Nc4 {[%clk 0:33:00]} Bc7 {[%clk 1:16:33]} 14. Re1 {[%clk 0:11:07]} Bg4
{[%clk 1:13:04]} 15. h3 {[%clk 0:08:17]} Bxf3 {[%clk 1:07:45]} 16. Qxf3 {[%clk
0:07:58]} h6 {[%clk 1:07:12]} 17. Ne3 {[%clk 0:05:33]} Rb8 {[%clk 1:03:45]} 18.
Ba2 {[%clk 0:04:19]} Nh4 {[%clk 0:59:53]} 19. Qd1 {[%clk 0:00:59]} Ng6 {[%clk
0:57:50]} 20. Qf3 {[%clk 0:01:17]} Nh4 {[%clk 0:56:20]} 21. Qd1 {[%clk
0:01:35]} Re8 {[%clk 0:54:51]} 22. Qc2 {[%clk 0:00:37]} Qd7 {[%clk 0:54:32]}
23. Rb1 {[%clk 0:00:39]} Nh5 {[%clk 0:53:43]} 24. Qd1 {[%clk 0:00:36]} Nf6
{[%clk 0:50:10]} 25. Kf1 {[%clk 0:00:37]} Rxb1 {[%clk 0:50:23]} 26. Bxb1 {[%clk
0:01:03]} d5 {[%clk 0:50:09]} 27. Ng4 {[%clk 0:00:43]} Qd8 {[%clk 0:46:11]} 28.
Nxf6+ {[%clk 0:00:41]} Qxf6 {[%clk 0:46:37]} 29. Qg4 {[%clk 0:00:36]} Bb6
{[%clk 0:46:39]} 30. Be3 {[%clk 0:00:37]} Bxe3 {[%clk 0:45:58]} 31. Rxe3 {[%clk
0:01:03]} Rb8 {[%clk 0:45:55]} 32. Re1 {[%clk 0:00:39]} Rb2 {[%clk 0:45:53]}
33. Qc8+ {[%clk 0:00:33]} Kh7 {[%clk 0:46:11]} 34. f3 {[%clk 0:00:35]} Nxf3
{[%clk 0:46:01]} 35. Qf5+ {[%clk 0:00:36]} Qxf5 {[%clk 0:46:21]} 36. exf5
{[%clk 0:00:46]} 0-1

[Event "DEM U16w 2022"]
[Site "Willingen GER"]
[Date "2022.06.05"]
[Round "2"]
[White "Racky, Selina"]
[Black "Köpnick, Amanda"]
[Result "1/2-1/2"]
[Termination "normal"]
[Board "11"]
[WhiteElo "1424"]
[BlackElo "1162"]
[WhiteClock "00:30:26"]
[BlackClock "00:33:46"]
[PlyCount "48"]
[WhiteFideId "16239440"]
[BlackFideId "34618538"]
[EventCountry "GER"]
[EventRounds "9"]
[EventType "swiss"]
[EventDate "2022.06.04"]

1. e4 {[%clk 1:30:56]} e5 {[%clk 1:30:52]} 2. Nf3 {[%clk 1:31:21]} Nc6 {[%clk
1:30:58]} 3. Bc4 {[%clk 1:31:43]} Bc5 {[%clk 1:31:05]} 4. c3 {[%clk 1:32:00]}
Nf6 {[%clk 1:30:50]} 5. d3 {[%clk 1:32:22]} d6 {[%clk 1:28:57]} 6. Bb3 {[%clk
1:32:24]} Bg4 {[%clk 1:26:56]} 7. Nbd2 {[%clk 1:30:29]} O-O {[%clk 1:25:42]} 8.
h3 {[%clk 1:28:50]} Be6 {[%clk 1:23:41]} 9. Nf1 {[%clk 1:21:23]} Ne7 {[%clk
1:17:34]} 10. Ng3 {[%clk 1:14:36]} Ng6 {[%clk 1:16:11]} 11. Be3 {[%clk
1:05:21]} Bb6 {[%clk 1:13:55]} 12. O-O {[%clk 1:02:16]} h6 {[%clk 1:05:20]} 13.
Nd2 {[%clk 0:52:30]} d5 {[%clk 1:00:47]} 14. exd5 {[%clk 0:45:49]} Nxd5 {[%clk
0:59:26]} 15. Bxb6 {[%clk 0:43:51]} axb6 {[%clk 0:58:35]} 16. Nf3 {[%clk
0:40:55]} Ndf4 {[%clk 0:55:05]} 17. d4 {[%clk 0:39:17]} exd4 {[%clk 0:52:44]}
18. Nxd4 {[%clk 0:39:24]} Bxb3 {[%clk 0:51:11]} 19. Qxb3 {[%clk 0:33:19]} Nh4
{[%clk 0:48:48]} 20. Kh2 {[%clk 0:32:10]} Nhxg2 {[%clk 0:47:40]} 21. Rg1 {[%clk
0:31:58]} Qh4 {[%clk 0:47:22]} 22. Rh1 {[%clk 0:31:35]} Qxh3+ {[%clk 0:42:47]}
23. Kg1 {[%clk 0:31:56]} Qd7 {[%clk 0:42:20]} 24. Rh2 {[%clk 0:30:26]} Rad8
{[%clk 0:33:46]} 1/2-1/2

[Event "DEM U16w 2022"]
[Site "Willingen GER"]
[Date "2022.06.05"]
[Round "2"]
[White "Einacker, Anika"]
[Black "Foos, Vanessa"]
[Result "0-1"]
[Termination "normal"]
[Board "12"]
[WhiteElo "1160"]
[BlackElo "1462"]
[WhiteClock "00:22:13"]
[BlackClock "00:33:48"]
[PlyCount "92"]
[WhiteFideId "34620591"]
[BlackFideId "16245270"]
[EventCountry "GER"]
[EventRounds "9"]
[EventType "swiss"]
[EventDate "2022.06.04"]

1. e4 {[%clk 1:30:57]} Nf6 {[%clk 1:30:42]} 2. Nc3 {[%clk 1:30:49]} d6 {[%clk
1:30:57]} 3. d4 {[%clk 1:30:41]} g6 {[%clk 1:31:02]} 4. f4 {[%clk 1:30:11]} Bg7
{[%clk 1:30:44]} 5. Nf3 {[%clk 1:29:31]} O-O {[%clk 1:30:30]} 6. Bc4 {[%clk
1:22:38]} Nxe4 {[%clk 1:20:45]} 7. Bxf7+ {[%clk 1:19:03]} Rxf7 {[%clk 1:21:05]}
8. Nxe4 {[%clk 1:18:50]} Bh6 {[%clk 1:14:57]} 9. g3 {[%clk 1:16:22]} Bd7 {[%clk
1:08:17]} 10. Be3 {[%clk 1:12:24]} e6 {[%clk 1:01:42]} 11. Qd2 {[%clk 1:09:05]}
Bc6 {[%clk 1:01:06]} 12. Qd3 {[%clk 1:04:29]} Na6 {[%clk 0:53:37]} 13. a3
{[%clk 1:03:01]} d5 {[%clk 0:45:17]} 14. Neg5 {[%clk 1:02:39]} Bxg5 {[%clk
0:43:17]} 15. Nxg5 {[%clk 1:02:28]} Rf6 {[%clk 0:38:50]} 16. O-O-O {[%clk
1:00:24]} h6 {[%clk 0:36:29]} 17. Nf3 {[%clk 1:00:10]} Qe8 {[%clk 0:34:37]} 18.
Ne5 {[%clk 0:57:16]} Bb5 {[%clk 0:34:57]} 19. Qd2 {[%clk 0:56:01]} Rc8 {[%clk
0:33:33]} 20. g4 {[%clk 0:52:29]} c5 {[%clk 0:31:49]} 21. g5 {[%clk 0:51:49]}
hxg5 {[%clk 0:32:10]} 22. fxg5 {[%clk 0:50:47]} Rf5 {[%clk 0:30:28]} 23. Rdg1
{[%clk 0:43:39]} cxd4 {[%clk 0:29:26]} 24. Bxd4 {[%clk 0:39:37]} Ba4 {[%clk
0:28:38]} 25. c3 {[%clk 0:38:31]} Nc5 {[%clk 0:28:35]} 26. Qe3 {[%clk 0:33:27]}
Nb3+ {[%clk 0:28:26]} 27. Kb1 {[%clk 0:33:32]} Nxd4 {[%clk 0:25:04]} 28. Qxd4
{[%clk 0:32:15]} Bc6 {[%clk 0:25:21]} 29. Rg3 {[%clk 0:30:42]} Rc7 {[%clk
0:24:48]} 30. Re1 {[%clk 0:29:00]} Rh7 {[%clk 0:24:20]} 31. h4 {[%clk 0:26:50]}
Qb8 {[%clk 0:17:44]} 32. Rh3 {[%clk 0:23:59]} Be8 {[%clk 0:17:14]} 33. Ng4
{[%clk 0:22:42]} Kf8 {[%clk 0:14:31]} 34. Qc5+ {[%clk 0:19:19]} Kg7 {[%clk
0:11:39]} 35. Rxe6 {[%clk 0:16:48]} Qf4 {[%clk 0:08:30]} 36. Ne3 {[%clk
0:12:05]} Rf8 {[%clk 0:07:38]} 37. Ka2 {[%clk 0:07:17]} Bf7 {[%clk 0:05:25]}
38. Re7 {[%clk 0:07:12]} d4+ {[%clk 0:05:01]} 39. Nc4 {[%clk 0:05:33]} Qf1
{[%clk 0:04:53]} 40. Rh2 {[%clk 0:03:28]} b6 {[%clk 0:04:06]} 41. Qxd4+ {[%clk
0:02:23]} Kg8 {[%clk 0:04:28]} 42. b3 {[%clk 0:27:58]} b5 {[%clk 0:32:53]} 43.
Ne5 {[%clk 0:24:30]} Bxb3+ {[%clk 0:32:43]} 44. Kxb3 {[%clk 0:24:20]} Rxe7
{[%clk 0:33:02]} 45. Nxg6 {[%clk 0:22:24]} Qb1+ {[%clk 0:33:25]} 46. Rb2 {[%clk
0:22:13]} Qxg6 {[%clk 0:33:48]} 0-1